Draw the Outline of Italy on a Map - Statistics

General Stats
  • This quiz has been taken 55 times
  • The average score is 17 of 20
Answers on the Map
Answers color-coded by a green-red scale on the quiz's map according to % correct below.
 
Answer Stats
Answer % Correct
Lombardy
98%
Aosta Valley
95%
Piedmont
95%
Trentino-Alto Adige
90%
Puglia
88%
Basilicata
85%
Calabria
85%
Friuli-Venezia Giulia
85%
Molise
85%
Veneto
85%
Abruzzo
83%
Emilia-Romagna
83%
Veneto
83%
Campania
80%
Lazio
80%
Marche
80%
Basilicata
78%
Liguria
78%
Piedmont
78%
Tuscany
78%
No matching quizzes found
Score Distribution
Percent of People with Each Score
Percentile by Number Answered
Your Score History
You have not taken this quiz